000 00576nam a2200205Ia 4500
005 20241129111325.0
008 241129s9999||||xx |||||||||||||| ||und||
037 _aTB
040 _aCRL
_beng
_cCRL
041 _aara
_2ara
084 _aO28:g Q1
_qCRL
100 _aTabrezi Yahya Bin Ali Au.
_9724075
245 0 _aSharah al-qasaid al sher
_cTabrezi Yahya Bin Ali Au.
260 _aBeirut, Lebanon
_bDar al-kotob al-ilmiyah
_c1997
300 _a75p.
365 _aINR
_b1500
650 _aArabic Literature
942 _cTB
_hO28:g Q1
999 _c1229925
_d1229925